Estadísticas para Países con la menor cantidad de lluvia

Haz click aquí para intentar la prueba.

Estadísticas generales

  • Esta prueba ha sido intentada 1.617 veces
  • La puntuación promedio es 15 de 21

Estadísticas de respuestas

PrecipitaciónPaís% Correcto
5.1 cmEgipto
91%
5.9 cmArabia Saudita
88%
8.9 cmArgelia
87%
5.6 cmLibia
87%
16.7 cmYemen
85%
21.6 cmIrak
84%
22.8 cmIrán
84%
12.5 cmOmán
84%
7.4 cmCatar
82%
7.8 cmEmiratos Árabes
Unidos
80%
20.7 cmTúnez
79%
12.1 cmKuwait
75%
11.1 cmJordania
73%
9.2 cmMauritania
73%
15.1 cmNíger
72%
8.3 cmBaréin
67%
24.1 cmMongolia
60%
16.1 cmTurkmenistán
51%
20.6 cmUzbekistán
48%
22.0 cmYibuti
44%
22.8 cmCabo Verde
16%

Distribución de puntuación

Porcentaje por número respondido

Porcentaje de gente con cada puntuación

Historial de tus puntuaciones

No has intentado esta prueba.